000 03572nam a2200397 a 4500
001 dia_828
003 CHAP
005 20251202103010.0
007 ta
008 220117s1984 mx ad frm 001 0 spa d
010 _a171378
040 _amxchpua
_cCHAP
041 0 _aspa
090 _aTesis
_bS262
_c1984
100 1 _aSantoyo Cortés, Vinicio Horacio
245 1 0 _aMetodología de evaluación económica en proyectos para la instalación de plantas productoras de fertilizantes. (Estudio de caso:
_bel complejo industrial productor de fertilizantes de Lázaro Cárdenas estado de Michoacán, México) /
_cVinicio Horacio Santoyo Cortes
264 _aChapingo, México :
_bEl autor,
_c1984
300 _a129 páginas :
_bilustraciones, tablas, gráficas
336 _2rdacontent
_atexto
_btxt
337 _2rdamedia
_ano mediado
_bn
338 _2rdacarrier
_avolumen
_bnc
502 _aTesis
_b(Maestro en Ciencias, Especialista en Economía Agrícola) --
_cColegio de Postgraduados. Institución de Enseñanza e Investigación en Ciencias Agrícolas,
_d1984
504 _aBibliografía: páginas 115-117
520 3 _aActualmente existe una incapacidad del sector agropecuario para satisfacer la demanda nacional de productos básicos, hecho que se manifiesta en un incremento substancial del volumen de importaciones de estos productos*. Esta insuficiencia de la producción nacional, es el resultado de la disminución del ritmo de crecimiento del producto inter no bruto (PIB) del sector agrícola y de la dinámica expansión de la demanda que se debió fundamentalmente a los aumentos de la poblaci6n y del ingreso real durante la última década. Ahora bien, considerando a la superficie cultivada y a los rendimientos por unidad productora como los determinantes de la producci6n agrícola, podemos afirmar que el incremento de cualquiera de 'estos' dos “componentes vendrá a reducir la magnitud de la demanda insatisfecha por, la producción nacional. El primero ‘de dichos componentes de acuerdo al suelo disponible, topógrafa y precipitaci6n pluvial, tiene un límite bien' definido dentro de los sistemas tecnológicos actuales, mientras que el segundo factor por estar íntimamente ligado a la inversi6n y a la tecnología tiene. un desarrollo más amplio (24). Aunque son muchos los factores que intervienen en el proceso de mejoramiento de los rendimientos, el uso de los fertilizantes es uno de los que contribuyen en mayor medida al aumento de la productividad por hectárea y por hombre ocupado (20), Si bien este efecto está relacionado con el hecho de que la aplicaci6n de fertilizantes va generalmente asociada con el uso de otros insumos importantes (semillas mejoradas, riego, maquinaria agrícola, etc.,),"puede considerársele no s6lo como uno de los indicadores más importantes para medir el progreso tecnol6gico de la agricultura, sino una verdadera punta de lanza para lograr dicho progreso"(20) y esta es una de las razones fundamentales de la importancia de su producci6n en un país como el nuestro.
650 1 3 _aFertilizantes
_2atg
650 1 3 _aIndustria de los fertilizantes
_zMéxico
_2atg
650 1 3 _aFertilizers
_2atg
650 1 3 _aFertilizer industry
_zMexico
_2atg
700 1 _aVilla Issa, Manuel Rafael
_edirector
700 1 _aBadillo Navarrete, Ernesto
_easesor
700 1 _aNieto Baltazar, José María
_easesor
901 _aTESIS S262 1984
902 _aM
905 _a0000001984 mx 0000000000spa00
942 _cTESIS
_2Clasificación Universidad Autónoma Chapingo
999 _c171378
_d171378